Entry Nombre personal
001 - NÚMERO DE CONTROL
- campo de control: 149427
003 - IDENTIFICADOR DE NÚMERO DE CONTROL
- campo de control: SpMaBN
005 - FECHA Y HORA DE LA ÚLTIMA TRANSACCIÓN
- campo de control: 20230602111341.0
008 - ELEMENTOS DE DATO DE LONGITUD-FIJA
- campo de control de longitud fija: 111003n|#azznnaabn |a aaa
024 7# - IDENTIFICADOR DE OTROS ESTÁNDARES
- Número estándar o código: https://isni.org/isni/0000000356808853
- Fuente: isni
024 7# - IDENTIFICADOR DE OTROS ESTÁNDARES
- Número estándar o código: http://viaf.org/viaf/187445218/
- Fuente: viaf
040 ## - FUENTE DE CATALOGACIÓN
- Centro catalogador/agencia de origen: SpMaBN
- Lengua de catalogación: spa
- Centro/agencia transcriptor: SpMaBN
- Normas de descripción: rdc
- Convención/Normas de encabezamiento de materia/tesauro: embne
- Centro/agencia modificador: ES-MaACL
046 ## - FECHAS CON CODIFICACIÓN ESPECIAL
- Fecha de nacimiento: 1968
100 1# - ENCABEZAMIENTO-NOMBRE DE PERSONA
- Nombre de persona: Abadía, Lorenzo,
- Fechas asociadas al nombre: 1968-
370 ## - LUGAR ASOCIADO
- Lugar de nacimiento: España, Aragón, Huesca (Provincia), Huesca
- Fuente del término: embne
372 ## - CAMPO DE ACTIVIDAD
- Campo de actividad: Política
- Campo de actividad: Empresa
- Fuente del término: embne
374 ## - OCUPACIÓN
- Ocupación: Empresarios
- Ocupación: Escritores
- Ocupación: Profesores universitarios
- Fuente del término: embne
375 ## - GÉNERO/SEXO
- Género: Masculino
377 ## - IDIOMA ASOCIADO
- Código del idioma: spa
- Término de lengua/lenguaje: Español
400 1# - TRAZADO DE VÉASE--NOMBRE DE PERSONA
- Nombre de persona: Abadía Escario, Lorenzo,
- Fechas asociadas al nombre: 1968-
670 ## - FUENTE DE DATOS ENCONTRADOS
- Cita de la fuente: Mando a distancia, 2011;
- Información encontrada: port. (Lorenzo Abadía) solapa (Lorenzo Abadía Escario; empresario, consultor e inversor)
670 ## - FUENTE DE DATOS ENCONTRADOS
- Cita de la fuente: WWW EBE, 16-8-2018;
- Información encontrada: (Lorenzo Abadía Escario, Huesca, 1968, empresario, consultor e inversor, es licenciado en Ciencias Políticas y doctor en Derecho)
- Identificador Uniforme de Recursos: http://eventoblog.com/speakers/lorenzo-abadia/
670 ## - FUENTE DE DATOS ENCONTRADOS
- Cita de la fuente: WWW Bn España aut., 2-6-2023;
- Información encontrada: (Abadía, Lorenzo, 1968-)
954 ## - CATALOGADOR -ALTA REGISTRO
- Nombre del catalogador: Julia Mas Vieira
